Movies Quiz

Random Movies or Cast Quiz

Movie Cast Match II Quiz Stats

 Plays Quiz Updated Mar 22, 2017

Also try: Movie Cast Match
Challenge
Share
Tweet
Embed
Score 0/35 Timer 08:00
0 Plays Today
% Correct
The Shawshank Redemption
80.8%
Austin Powers: The Spy Who Shagged Me
78.4%
A Beautiful Mind
78%
Groundhog Day
76%
Armageddon
73.8%
Driving Miss Daisy
72.7%
One Flew Over the Cuckoo's Nest
72.5%
Bridesmaids
71.9%
Happy Gilmore
71.5%
(500) Days of Summer
71.4%
Avatar
71.3%
Face|Off
66.7%
Twelve Monkeys
66.5%
American History X
65.5%
The Other Boleyn Girl
65.1%
Garden State
64.8%
Step Brothers
64.1%
Eternal Sunshine of the Spotless Mind
63.5%
% Correct
Raging Bull
58.3%
Trainspotting
58%
Memento
57.6%
Jackie Brown
56.2%
127 Hours
54%
Big Fish
52.4%
In Bruges
52.4%
Drive
49.6%
21 Grams
48.3%
The Town
47%
Magnolia
45.9%
From Dusk Till Dawn
45.3%
Requiem for a Dream
41.9%
Zodiac
41.5%
Chasing Amy
40.4%
Mulholland Dr.
39.8%
Vertigo
35.5%

You're not logged in!

Compare scores with friends on all Sporcle quizzes.
Join for Free
OR
Log In

You Might Also Like...

Show Comments

Extras

Top Quizzes Today


Score Distribution

Your Account Isn't Verified!

In order to create a playlist on Sporcle, you need to verify the email address you used during registration. Go to your Sporcle Settings to finish the process.

Report this User

Report this user for behavior that violates our Community Guidelines.

Details: